|
|
|
|
| LEADER |
01495nam a2200313 a 4500 |
| 001 |
21812 |
| 003 |
BD-DhAAL |
| 008 |
110125t19961995enka b 001 0 eng d |
| 999 |
|
|
|c 10511
|d 10511
|
| 010 |
|
|
|a 96112923
|
| 020 |
|
|
|a 0774805463
|
| 020 |
|
|
|a 1857282825 (HB)
|
| 020 |
|
|
|a 1857282833 (PB)
|
| 040 |
|
|
|a DLC
|c DLC
|d DLC
|d BD-DhAAL
|
| 082 |
0 |
0 |
|a 337.7091724
|2 20
|
| 245 |
1 |
0 |
|a People and environment /
|c edited by Stephen Morse, Michael Stocking.
|
| 260 |
|
|
|a London ;
|a Vanucouver :
|b UCL Press,
|c c1995,
|c 1996
|
| 300 |
|
|
|a viii, 215 pages :
|b illustrations ;
|c 25 cm.
|
| 504 |
|
|
|a Includes bibliographical references and index.
|
| 541 |
1 |
|
|e 00021812
|
| 650 |
|
0 |
|a Sustainable development
|z Developing countries.
|9 40466
|
| 650 |
|
0 |
|a Human ecology.
|9 40472
|
| 700 |
1 |
|
|a Morse, Stephen.
|9 40467
|
| 700 |
1 |
|
|a Stocking, Michael.
|9 40468
|
| 852 |
|
|
|a Ayesha Abed Library
|c General Stacks
|
| 942 |
|
|
|2 ddc
|c BK
|
| 952 |
|
|
|0 0
|1 0
|2 ddc
|4 0
|6 304_200000000000000_PEO
|7 0
|9 14537
|a BRACUL
|b BRACUL
|c GEN
|d 2011-03-03
|e TRIM EDUCATION
|g 4500.00
|l 2
|m 7
|o 304.2 PEO
|p 3010021812
|q 2026-06-07
|r 2025-09-23
|s 2025-09-23
|t 1
|w 2011-03-03
|y BK
|
| 952 |
|
|
|0 0
|1 0
|2 ddc
|4 0
|6 304_200000000000000_PEO
|7 0
|9 14538
|a BRACUL
|b BRACUL
|c GEN
|d 2011-03-03
|e TRIM EDUCATION
|g 4500.00
|l 1
|o 304.2 PEO
|p 3010021813
|r 2017-05-22
|s 2017-05-21
|t 2
|w 2011-03-03
|y BK
|
| 952 |
|
|
|0 0
|1 0
|2 ddc
|4 0
|6 304_200000000000000_PEO
|7 0
|9 14539
|a BRACUL
|b BRACUL
|c GEN
|d 2011-03-03
|e TRIM EDUCATION
|g 4500.00
|l 2
|m 17
|o 304.2 PEO
|p 3010021814
|r 2026-04-15
|s 2026-02-03
|t 3
|w 2011-03-03
|y BK
|